000 00887nam a22002657a 4500
005 20220817043049.0
008 971010s1982 r 00010 d
010 _a64344
011 _a65316
035 _a71880
082 _a631.522
_bC65
110 _aColegio de Postgraduados. Chapingo, Méx.
_925068
245 _aVeinte años de la rama de genética
260 _aChapingo, Méx. :
_bEl Colegio,
_c1982
300 _a62 p.
500 _aXX Aniversario del Colegio de Postgraduados (1959-1979)70-118
590 _aBATCH-UPD
_b10
_c20130110
_lUCH01
_h0924
590 _aBATCH-UPD
_b10
_c20130410
_lUCH01
_h0546
590 _aBATCH-UPD
_b10
_c20130914
_lUCH01
_h1537
590 _aCONVERSION
_b10
_c20130109
_lUCH01
_h1335
650 1 4 _aGenética vegetal.
700 0 _aMárquez Sánchez, Fidel.
_976354
901 _aBK
949 _a631.522 C65
_bZ
_cLIBRO
_d-4558
_eLIBRO
_h0011
_i71880
_si
999 _c64344
_d64344